The definitive guide to how computers do math : Featuring the virtual DIY calculator
How Computers Do Math can be enjoyed by non-technical individuals; students of computer science, electronics engineering, and mathematics; and even practicing engineers. All of the illustrations and interactive laboratories featured in the book are provided on the CD-ROM for use by high school, coll...
Đã lưu trong:
| 主要作者: | |
|---|---|
| 格式: | 圖書 |
| 語言: | Undetermined |
| 出版: |
Hoboken, N.J.
Wiley-Interscience
2005
|
| 主題: | |
| 標簽: |
添加標簽
沒有標簽, 成為第一個標記此記錄!
|
| Thư viện lưu trữ: | Trung tâm Học liệu Trường Đại học Cần Thơ |
|---|
| LEADER | 01029nam a2200229Ia 4500 | ||
|---|---|---|---|
| 001 | CTU_164581 | ||
| 008 | 210402s9999 xx 000 0 und d | ||
| 020 | |c 27.30 | ||
| 082 | |a 004.0151 | ||
| 082 | |b M463 | ||
| 100 | |a Maxfield, Clive | ||
| 245 | 4 | |a The definitive guide to how computers do math : | |
| 245 | 0 | |b Featuring the virtual DIY calculator | |
| 245 | 0 | |c Clive Maxfield, Alvin Brown | |
| 260 | |a Hoboken, N.J. | ||
| 260 | |b Wiley-Interscience | ||
| 260 | |c 2005 | ||
| 520 | |a How Computers Do Math can be enjoyed by non-technical individuals; students of computer science, electronics engineering, and mathematics; and even practicing engineers. All of the illustrations and interactive laboratories featured in the book are provided on the CD-ROM for use by high school, college, and university educators as lecture notes and handouts. | ||
| 650 | |a Computer science,Khoa học máy tính | ||
| 650 | |x Mathematics,Toán học | ||
| 904 | |i Qhieu | ||
| 980 | |a Trung tâm Học liệu Trường Đại học Cần Thơ | ||